Online katalóg knižníc regiónu Turca

Parné prasa ; Všetečník ; Kat (Record no. 20715)

MARC details
000 -LEADER
fixed length control field 01775cam a2200493 a 4500
001 - CONTROL NUMBER
control field 20715
003 - CONTROL NUMBER IDENTIFIER
control field VRT
005 - DATE AND TIME OF LATEST TRANSACTION
control field 20260130140039.0
008 - FIXED-LENGTH DATA ELEMENTS--GENERAL INFORMATION
fixed length control field 240314s1981 xo g 0000f slo
015 ## - NATIONAL BIBLIOGRAPHY NUMBER
National bibliography number SNBA1983/01
020 ## - INTERNATIONAL STANDARD BOOK NUMBER
Qualifying information (viaz.)
035 ## - SYSTEM CONTROL NUMBER
System control number SNK000033044
039 #9 - LEVEL OF BIBLIOGRAPHIC CONTROL AND CODING DETAIL [OBSOLETE]
Level of rules in bibliographic description 202512141718
Level of effort used to assign nonsubject heading access points AUTHORITY
Level of effort used to assign subject headings 202409231554
Level of effort used to assign classification csnk01
Level of effort used to assign subject headings 202409231549
Level of effort used to assign classification csnk01
Level of effort used to assign subject headings 202403140959
Level of effort used to assign classification VLOAD
040 ## - CATALOGING SOURCE
Original cataloging agency SNK
Language of cataloging slo
Transcribing agency SNK
Description conventions AACR2
041 1# - LANGUAGE CODE
Language code of text/sound track or separate title slo
Language code of original eng
044 ## - COUNTRY OF PUBLISHING/PRODUCING ENTITY CODE
MARC country code xo
ISO country code SK
080 ## - UNIVERSAL DECIMAL CLASSIFICATION NUMBER
Universal Decimal Classification number 820-3
Edition identifier 1981
100 1# - MAIN ENTRY--PERSONAL NAME
Personal name McClure, James,
Dates associated with a name 1939-2006
Relationship aut
245 10 - TITLE STATEMENT
Title Parné prasa ; Všetečník ; Kat
Statement of responsibility, etc. James Mac Clure ; preložil Karol Dlouhý
250 ## - EDITION STATEMENT
Edition statement 1. vyd.
260 ## - PUBLICATION, DISTRIBUTION, ETC.
Place of publication, distribution, etc. Bratislava
Name of publisher, distributor, etc. Slovenský spisovateľ
Date of publication, distribution, etc. 1981
Place of manufacture Nitra
Manufacturer Nitrianske tlačiarne
300 ## - PHYSICAL DESCRIPTION
Extent 605 s.
Dimensions 21 cm
490 1# - SERIES STATEMENT
Series statement Zelená knižnica
500 ## - GENERAL NOTE
General note Preložené z angličtiny
655 #7 - INDEX TERM--GENRE/FORM
Genre/form data or focus term anglické romány
Source of term SNKPH
655 #7 - INDEX TERM--GENRE/FORM
Genre/form data or focus term detektívne romány
Source of term SNKPH
700 1# - ADDED ENTRY--PERSONAL NAME
Personal name Dlouhý, Karol,
Dates associated with a name 1922-1987
Relationship trl
700 1# - ADDED ENTRY--PERSONAL NAME
Personal name Longauer, Ľubomír,
Dates associated with a name 1948-2025
Relationship gup
700 12 - ADDED ENTRY--PERSONAL NAME
Personal name McClure, James,
Dates associated with a name 1939-2006
Title of a work The Steam Pig
Language of a work Slovensky
700 12 - ADDED ENTRY--PERSONAL NAME
Personal name McClure, James,
Dates associated with a name 1939-2006
Title of a work The Sunday Hangman
Language of a work Slovensky
700 12 - ADDED ENTRY--PERSONAL NAME
Personal name McClure, James,
Dates associated with a name 1939-2006
Title of a work The Goosberry Fool
Language of a work Slovensky
740 02 - ADDED ENTRY--UNCONTROLLED RELATED/ANALYTICAL TITLE
Uncontrolled related/analytical title Všetečník
740 02 - ADDED ENTRY--UNCONTROLLED RELATED/ANALYTICAL TITLE
Uncontrolled related/analytical title Kat
830 #0 - SERIES ADDED ENTRY--UNIFORM TITLE
Uniform title Zelená knižnica
942 ## - ADDED ENTRY ELEMENTS (KOHA)
Source of classification or shelving scheme Dewey Decimal Classification
Koha item type Krásna literatúra pre dospelých
Suppress in OPAC No
949 ## - LOCAL PROCESSING INFORMATION (OCLC)
6 273K0132638
a svkpoA 121962
b svkpo285215
949 ## - LOCAL PROCESSING INFORMATION (OCLC)
6 3869A00688
a bpksh820-31
b bpksh42718
949 ## - LOCAL PROCESSING INFORMATION (OCLC)
6 17A0175136
9 P60, <05>, [BOOK], {605}
a snkSC 56651 D1
949 ## - LOCAL PROCESSING INFORMATION (OCLC)
6 270001000537724
a svkbbA 29647
b svkbbm 399238
949 ## - LOCAL PROCESSING INFORMATION (OCLC)
6 270001000537727
a svkbbA 29647
b svkbbm 401463
949 ## - LOCAL PROCESSING INFORMATION (OCLC)
6 17A0884201
a snkSC 56651
Holdings
Stav vyradenia Strata Poškodenie Spôsob nadobudnutia Domovská knižnica Aktuálna knižnica Dátum nadobudnutia Total checkouts Čiarový kód exemplára Date last seen Typ exemplára
      Dar Obecná knižnica Horná Štubňa Obecná knižnica Horná Štubňa 30.01.2026   4736200854 30.01.2026 Krásna literatúra pre dospelých
Projekt je podporený Slovenskou asociáciou knižníc
Prevádzkuje Turčianska knižnica Martin 2026